First Google search result for each letter A-Z - Statistics

General Stats
  • This quiz has been taken 8 times
  • The average score is 3 of 26
Answer Stats
Hint Answer % Correct
A Amazon
67%
M McDonalds
50%
E Ebay
33%
T Target
33%
Y Youtube
33%
D Dominos
17%
H Home Depot
17%
J Jcpenny
17%
O Old Navy
17%
W Walmart
17%
X Xfinity
17%
B Best Buy
0%
C ChatGPT
0%
F Food near me
0%
G Google Translate
0%
I Indeed
0%
K Kroger
0%
L Lowes
0%
N NFL
0%
P Powerball
0%
Q Quest diagnostics
0%
R Restaurants near me
0%
S Spirit Halloween
0%
U UPS tracking
0%
V Verizon
0%
Z Zillow
0%
No matching quizzes found
Score Distribution
Percent of People with Each Score
Percentile by Number Answered
Your Score History
You have not taken this quiz